00332nam a2200121Ia 4500008004100000082001400041100002500055245002900080260003700109365000600146630002900152730002900181100415s9999 xx 000 0 und d b6653a575 aEast Edward M (ed.) aBiology in Human Affairs aNEW YORKc1931bWHITTLESEY HOUSE b0 aBiology in Human Affairs aBiology in Human Affairs